Geomapping and Digitization of Cadastre Maps using GIS Tools, and Selective Earth Truthing of Mineral Titles in KP (Record no. 554399)
[ view plain ]
| 000 -LEADER | |
|---|---|
| fixed length control field | 00618nam a22001937a 4500 |
| 082 ## - DEWEY DECIMAL CLASSIFICATION NUMBER | |
| Classification number | P-862 |
| 100 ## - MAIN ENTRY--PERSONAL NAME | |
| Personal name | Dar, Taha |
| 9 (RLIN) | 51911 |
| 245 ## - TITLE STATEMENT | |
| Title | Geomapping and Digitization of Cadastre Maps using GIS Tools, and Selective Earth Truthing of Mineral Titles in KP |
| 260 ## - PUBLICATION, DISTRIBUTION, ETC. | |
| Place of publication, distribution, etc. | Risalpur, |
| Name of publisher, distributor, etc. | MCE, |
| Date of publication, distribution, etc. | 2020. |
| 300 ## - PHYSICAL DESCRIPTION | |
| Extent | 60 pages.; |
| Dimensions | 30 cm. |
| 526 ## - STUDY PROGRAM INFORMATION NOTE | |
| Program name | 0 |
| Interest level | 0 |
| Reading level | 0 |
| Title point value | P_862 |
| 650 ## - SUBJECT ADDED ENTRY--TOPICAL TERM | |
| Topical term or geographic name entry element | Geotech |
| Topical term following geographic name entry element | Syn-38 |
| 9 (RLIN) | 51912 |
| 700 ## - ADDED ENTRY--PERSONAL NAME | |
| Personal name | Haris Saeed |
| 9 (RLIN) | 51913 |
| 700 ## - ADDED ENTRY--PERSONAL NAME | |
| Personal name | Laraib Iftikhar |
| 9 (RLIN) | 51914 |
| 700 ## - ADDED ENTRY--PERSONAL NAME | |
| Personal name | Muhammad Waseem |
| 9 (RLIN) | 13556 |
| 700 ## - ADDED ENTRY--PERSONAL NAME | |
| Personal name | Supervisor Dr Hamid Ashraf |
| 9 (RLIN) | 51915 |
| 700 ## - ADDED ENTRY--PERSONAL NAME | |
| Personal name | Syed Furqan Ali |
| 9 (RLIN) | 51916 |
| 942 ## - ADDED ENTRY ELEMENTS (KOHA) | |
| Source of classification or shelving scheme | |
| Koha item type | Book |
| Withdrawn status | Lost status | Source of classification or shelving scheme | Damaged status | Not for loan | Permanent Location | Current Location | Date acquired | Total Checkouts | Full call number | Barcode | Date last seen | Price effective from | Koha item type |
|---|---|---|---|---|---|---|---|---|---|---|---|---|---|
| Military College of Engineering (MCE) | Military College of Engineering (MCE) | 08/28/2020 | P-862 | MCE-P-862 | 08/28/2020 | 08/28/2020 | Book |
